[Event "Martorell op-B"]
[Site "Martorell"]
[Date "1997.??.??"]
[Round "1"]
[White "Vives Miret, Roger"]
[Black "Febrero Perez, Lluis"]
[Result "1-0"]
[WhiteElo "1905"]
[BlackElo "1805"]
[PlyCount "57"]
[EventDate "1997.09.??"]
[EventType "swiss"]
[EventRounds "8"]
[EventCountry "ESP"]
[SourceTitle "EXT 2003"]
[Source "ChessBase"]
[SourceDate "2002.11.25"]
[SourceVersion "1"]
[SourceVersionDate "2002.11.25"]
[SourceQuality "1"]

1. d4 d5 2. c4 c6 3. Nc3 Nf6 4. Nf3 Bf5 5. Qb3 b6 6. Bg5 e6 7. e3 h6 8. Bh4 g5 9. Bg3 Bg7 10. Be2 Nbd7 11. cxd5 cxd5 12. Nb5 0-0 13. Bd6 Rc8 14. Bxf8 Bxf8 15. Bd3 Ne4 16. 0-0 a6 17. Na3 Ndc5 18. dxc5 Nxc5 19. Qd1 Nxd3 20. Qe2 Nb4 21. Rfd1 Bc2 22. Nxc2 Rxc2 23. Rd2 Rc5 24. a3 Ra5 25. Qe1 Nc6 26. b4 Rb5 27. Rc1 Qe8 28. Rdc2 Ne7 29. Nd4 1-0